[Event "10th American Continental"]
[Site "Montevideo URU"]
[Date "2015.05.24"]
[Round "11.68"]
[White "Fein, Jorge"]
[Black "Croes, Octavio"]
[Result "1/2-1/2"]
[BlackTitle "CM"]
[WhiteElo "1790"]
[BlackElo "1887"]
[WhiteFideId "3003914"]
[BlackFideId "1007220"]
[EventDate "2015.05.15"]
[EventType "swiss"]

1. Nf3 c5 2. b3 Nf6 3. Bb2 e6 4. d3 d5 5. Nbd2 Be7 6. c4 O-O 7. g3 Qa5 8. Bg2
dxc4 9. bxc4 Nc6 10. O-O Rd8 11. a3 Qc7 12. Qc2 b6 13. Ne5 Bb7 14. Nxc6 Bxc6 15.
Nf3 Rab8 16. Bc3 b5 17. cxb5 Bxb5 18. Rfc1 Rdc8 19. Qd2 Nd5 20. Ba5 Qd6 21. e4
Nb6 22. Bc3 Qxd3 23. Qb2 f6 24. e5 Na4 25. Qc2 Qxc2 26. Rxc2 Nxc3 27. Rxc3 Be2
28. Rac1 Rd8 29. exf6 Bxf6 30. Rxc5 Rb3 31. Ne5 Rxa3 32. Rc8 Kf8 33. Nd7+ Ke7
34. Rxd8 Kxd8 35. Nxf6 gxf6 36. h4 Bb5 37. Rb1 a6 38. Bh3 Ke7 39. Re1 Bc4 40.
Rc1 Ra4 41. Bg2 Kd6 42. Rb1 Bb5 43. Rd1+ Ke5 44. Re1+ Kd6 45. Rd1+ Kc5 46. Rc1+
Rc4 47. Re1 e5 48. Rd1 Rd4 49. Rc1+ Bc4 50. Bh3 Kb4 51. Rb1+ Bb3 52. Bc8 a5 53.
Kg2 Rd1 54. Rb2 Kc3 55. Re2 Bd5+ 56. Kh3 h5 57. g4 Rh1+ 58. Kg3 hxg4 59. Kxg4 a4
60. Kf5 a3 61. Kxf6 e4 62. Be6 a2 63. Rxa2 Bxa2 64. Bxa2 Rxh4 65. Ke5 Kb2 66.
Bd5 1/2-1/2

[Event "10th American Continental"]
[Site "Montevideo URU"]
[Date "2015.05.24"]
[Round "11.69"]
[White "Nakle, Gonzalo"]
[Black "Larrea, Osvaldo"]
[Result "1/2-1/2"]
[WhiteElo "1737"]
[BlackElo "1843"]
[WhiteFideId "3002250"]
[BlackFideId "3004546"]
[EventDate "2015.05.15"]
[EventType "swiss"]

1. e4 g6 2. Nf3 Bg7 3. Bc4 d6 4. O-O Nf6 5. d4 O-O 6. Nc3 c6 7. Bg5 b5 8. Bd3
Bb7 9. d5 a6 10. Bxf6 Bxf6 11. dxc6 Nxc6 12. Nd5 Bxb2 13. Rb1 Bg7 14. a4 b4 15.
Nxb4 Nxb4 16. Rxb4 Bc6 17. Nd4 Bxd4 18. Rxd4 Qb6 19. Qa1 a5 20. Rb1 Qa7 21. Qc3
Rfc8 22. Rc4 Bd7 23. Rxc8+ Rxc8 24. Qb3 Rc7 25. Qb8+ Qxb8 26. Rxb8+ Kg7 27. Bb5
Rxc2 28. Kf1 Rb2 29. Ke1 Bxb5 30. Rxb5 Ra2 31. Rxa5 Kf6 32. h4 h5 33. g3 Ke6 34.
Kf1 Kd7 35. Ra7+ Ke6 36. f4 f5 37. e5 dxe5 38. fxe5 Kxe5 39. Rxe7+ Kd4 40. Re6
Rxa4 41. Kf2 g5 42. hxg5 Kd5 43. Rh6 Rg4 44. Rxh5 Ke5 45. Kf3 Ra4 46. Kg2 Rb4
47. Kh3 Ra4 48. Rh4 Ra3 49. Rf4 Ra8 50. Rf3 Rh8+ 51. Kg2 Rh5 52. g6 Rg5 1/2-1/2

[Event "10th American Continental"]
[Site "Montevideo URU"]
[Date "2015.05.24"]
[Round "11.70"]
[White "Pena, Luis"]
[Black "Perez, Cecilia Manuela"]
[Result "0-1"]
[WhiteElo "1680"]
[BlackElo "1525"]
[WhiteFideId "3006000"]
[BlackFideId "3003191"]
[EventDate "2015.05.15"]
[EventType "swiss"]

1. e4 e6 2. d4 d5 3. exd5 exd5 4. Bd3 Nf6 5. Bg5 Be7 6. Nf3 O-O 7. O-O h6 8. Bh4
Be6 9. Nbd2 Nbd7 10. c3 Re8 11. Re1 Nf8 12. Ne5 Qc8 13. Ndf3 Bf5 14. Qc2 Bxd3
15. Qxd3 g5 16. Bg3 Ne4 17. h3 Kg7 18. Bh2 Nd7 19. Nxd7 Qxd7 20. Ne5 Qd8 21. f3
Nd6 22. Re2 f6 23. Ng4 Nf7 24. Rae1 Qd7 25. Re6 Nd6 26. Bxd6 cxd6 27. Qf5 Bd8
28. Nxf6 Rf8 29. Re7+ Qxe7 30. Rxe7+ Bxe7 31. Qd7 Kxf6 32. Qxb7 Rab8 33. Qxd5
Rxb2 34. g4 Kg7 35. c4 Rd2 36. Qb7 Rf7 37. Qxa7 Bf6 38. Qa5 Rxd4 39. c5 dxc5 40.
Qxc5 Rd1+ 41. Kg2 Rd2+ 42. Kf1 Rxa2 43. Qd6 Rb7 44. Qd3 Ra1+ 45. Ke2 Rb2+ 46.
Ke3 Re1+ 0-1

[Event "10th American Continental"]
[Site "Montevideo URU"]
[Date "2015.05.24"]
[Round "11.71"]
[White "De la Torre, Andres"]
[Black "Torres Acosta, Raul"]
[Result "1-0"]
[WhiteElo "1699"]
[BlackElo "1677"]
[WhiteFideId "3005186"]
[BlackFideId "3006174"]
[EventDate "2015.05.15"]
[EventType "swiss"]

1. g3 Nf6 2. d3 e6 3. Bg2 d5 4. Nf3 Nbd7 5. O-O c6 6. c4 Be7 7. cxd5 exd5 8. Nc3
O-O 9. e4 dxe4 10. dxe4 Qc7 11. Bf4 Qd8 12. e5 Ne8 13. Re1 h6 14. Qe2 Nc7 15.
Rad1 Ne6 16. Bc1 Qc7 17. Nd4 Ndc5 18. Nf5 Ng5 19. Nd6 Bd7 20. f4 Nh7 21. Be3 Ne6
22. Nce4 f5 23. Nc5 Nxc5 24. Bxc5 Be6 25. a3 Rfd8 26. Rd2 Nf8 27. Red1 Nd7 28.
Bf2 Nb6 29. Bxb6 axb6 30. Bh3 g6 31. g4 Rf8 32. gxf5 gxf5 33. Qh5 Kh7 34. Nxf5 1-0

[Event "10th American Continental"]
[Site "Montevideo URU"]
[Date "2015.05.24"]
[Round "11.73"]
[White "Montenegro, Claudia"]
[Black "Rodriguez Fuentealba, Diego"]
[Result "1/2-1/2"]
[WhiteElo "1628"]
[BlackElo "1522"]
[WhiteFideId "3006719"]
[BlackFideId "3422704"]
[EventDate "2015.05.15"]
[EventType "swiss"]

1. Nf3 Nf6 2. d4 d5 3. g3 e6 4. Bg2 c5 5. e3 Nbd7 6. O-O b6 7. c4 Bb7 8. cxd5
exd5 9. Nc3 Be7 10. b3 O-O 11. Bb2 Rc8 12. Rc1 Re8 13. Qe2 cxd4 14. Nxd4 Bc5 15.
Rfd1 Ne5 16. h3 Nc6 17. Nxc6 Bxc6 18. Qd3 d4 19. exd4 Bxg2 20. Kxg2 Bd6 21. d5
Qd7 22. Nb5 Rc5 23. Rxc5 Bxc5 24. a3 a5 1/2-1/2